| 000 | 00768nam a2200277 a 4500 | ||
|---|---|---|---|
| 003 | AR-BaBNM | ||
| 005 | 20251128205051.0 | ||
| 008 | 082120s2002 ||||||||||||||000 | spa|| | ||
| 020 | _a968-16-1967-6 | ||
| 040 | _cAR-BaBNM | ||
| 100 | 1 | _aFoster, George M. | |
| 245 | 0 | 0 | _aAntropología aplicada |
| 250 | _a1ª ed. | ||
| 260 |
_aMéxico, D.F. _bFondo de Cultura Económica _c1985 |
||
| 300 |
_a348 p. _bgráfs. |
||
| 490 | 0 |
_aBreviarios _vv. 232 |
|
| 500 | _aContiene referencias bibliográficas en p. 327 | ||
| 650 | 4 | _aANTROPOLOGIA CULTURAL Y SOCIAL | |
| 650 | 4 | _aCAMBIO SOCIAL | |
| 650 | 4 | _aINTEGRACION SOCIAL | |
| 650 | 4 | _aCOLONIALISMO | |
| 650 | 4 | _aDESARROLLO DE LA COMUNIDAD | |
| 700 | 1 |
_aZagury, Ana _etraductor |
|
| 942 | _cBK | ||
| 998 | _cMARTIN | ||
| 999 |
_c9844 _d9844 |
||